000 00383pab a2200157 454500
008 180718b2013 xxu||||| |||| 00| 0 eng d
100 _aMa, Jun
245 _aHidden fiscal risks in local China
260 _c2013
300 _ap.278-292.
362 _aSep
650 _aFiscal policy
773 _aAustralian Journal of Public Administration
908 _aN
909 _a103300
999 _c103296
_d103296